000
00320 a2200157 4500
001
160368
020
_a
040
_c
Magnum
100
_a
Viana, Vivina de Assis
240
1
0
_a
Sera que ele vem ?
_l
por
245
1
0
_a
Sera que ele vem ?
362
0
_a
1899
440
1
_a
Moderna
697
_a
IJ/GERAL
942
_c
BK
999
_c
160368
_d
160368